[Event "New York op"]
[Site "New York"]
[Date "1998.03.17"]
[Round "4"]
[White "Lugo, Blas"]
[Black "Hracek, Zbynek"]
[Result "0-1"]
[WhiteElo "2420"]
[BlackElo "2610"]
[Annotator "Finkel,A"]
[PlyCount "66"]
[EventDate "1998.03.16"]
[EventType "swiss"]
[EventRounds "9"]
[EventCountry "USA"]
[SourceTitle "CBM 064"]
[Source "ChessBase"]
[SourceDate "1998.06.02"]
[SourceVersion "1"]
[SourceVersionDate "1998.06.02"]
[SourceQuality "1"]

1. e4 c5 2. Nf3 e6 3. Nc3 Nc6 4. Bb5 Nge7 5. O-O a6 6. Bxc6 Nxc6 7. d4 cxd4 8.
Nxd4 Qc7 9. Re1 Bd6 (9... Be7) 10. Nd5 (10. h3 Nxd4 (10... O-O 11. Be3 (11. a4
b6 12. Nxc6 dxc6 13. Qh5 e5 14. Be3 Be6 15. Red1 b5 16. a5 $14 {Mirumian,
V-Ruzele,D/Cappelle la Grande op 1997 (45)}) (11. Nxc6 dxc6 12. Be3 b5 13. a4
b4 14. Nb1 a5 15. Nd2 c5 16. Nc4 Bh2+ 17. Kh1 Ba6 $13 {Vazquez,R-Borges Mateos,
J/CUB-ch 1997 (23)}) 11... b5 12. Nxc6 dxc6 13. Qh5 e5 14. Rad1 Be6 15. Ne2
Rfd8 16. Ng3 $14 {Rojo,G-Espinosa,J/C. Villalba op 1995 (37)}) 11. Qxd4 Be5 12.
Nd5 (12. Qd3 b5 13. a4 b4 14. Ne2 Bb7 15. Bd2 Rc8 16. c3 Qc4 $13 {Movsesian,
S-Kogan,A/Lazne Bohdanec 1996 (36)}) 12... exd5 13. exd5 d6 14. f4 f6 15. fxe5
fxe5 16. Qf2 Qf7 $10) (10. g3 Nxd4 11. Qxd4 Be5 12. Qd3 b5 $10) 10... exd5 (
10... Bxh2+ $2 11. Kh1 exd5 12. exd5+ Be5 13. Nxc6 $1 dxc6 14. d6 Qa5 15. Bf4
$16 f6 $2 16. Bxe5 fxe5 17. Qh5+ $18) 11. exd5+ Ne5 (11... Ne7 $2 12. Nf5 Kf8
13. Rxe7 $1 Bxe7 14. d6 Bxd6 15. Nxd6 $16 {->}) 12. f4 (12. Nf5 $4 O-O $19 13.
Bh6 (13. Bf4 f6 14. Re3 {/\ Qh5, Rg3} g6 $1 15. Rg3 Kh8 $19) (13. Qd4 f6 14.
Bh6 Rf7 $19) (13. Qh5 g6 $1 14. Qh6 gxf5 15. Bg5 Ng4 $19) 13... gxh6 14. Qh5
Ng6 $1 15. Qxh6 Be5 16. d6 Qc5 {/\ Bh2!} 17. g4 Re8 $1 $19 {Timman,J-Lautier,J/
Horgen 1995 (22)} (17... b5 $2 18. Re3 Bb7 19. Rh3 Rfc8 20. Qxh7+ Kf8 21. Nh6
$18)) 12... O-O 13. fxe5 Bxe5 14. Nf3 Bf6 (14... d6 15. Nxe5 dxe5 16. d6 Qc5+
17. Be3 Qc6 18. c4 b6 $1 $10) 15. d6 $6 {Dubious decision,because now the
lightsquared bishop becomes extremly strong.Better was or} (15. c3 b5 16. Bg5
Bxg5 17. Nxg5 h6 18. Nf3 Bb7 19. Qd4 Qd6 20. Rad1 Rfe8 $13 {Kalegin
Evgenij-Sharivazdanov Andrey/Ch Russia /2 final), Kazan (Russia) 1995 (21)}) ({
or} 15. Bg5 $5 Bxg5 16. Nxg5 d6 $6 17. Qd3 g6 18. Qd4 Bf5 19. g4 $16 {Mirumian,
V-Bromberger,S/Open, Groningen NED 1997 (33),in both cases with good chanses
for white.}) 15... Qc6 16. Kh1 (16. Bg5 $2 Bxg5 17. Nxg5 Qc5+) (16. Qd3 b5 17.
Ng5 Bxg5 18. Bxg5 Bb7 19. Qd2 f6 $15) 16... b5 17. c3 Bb7 $15 {[%cal Gb7g2]}
18. Bf4 Rae8 19. Qd2 (19. Qd3 $5 Re6 $1 20. Rxe6 $6 fxe6 21. Qe3 (21. Re1 Bxc3
$1 $19) (21. Bg3 e5 $17) 21... Qc4 22. Bg3 b4 $17) 19... Qc4 20. Ne5 Bxe5 21.
Bxe5 Re6 $1 $17 {[%csl Rg2][%cal Ge6g6] The difference in the strength of
bishops is huge and the advantage of black is beyond any doubt.} 22. b3 Qg4 23.
Bg3 h5 $1 {Black plays with a lot of energy!} 24. Qf4 Qh3 $1 25. Qf2 (25. Qf1
Rf6 26. Qe2 h4 27. Be5 Rg6 28. Rg1 Qe6 $19 {[%csl Rg2][%cal Gh4h3]}) 25... Rf6
26. Kg1 $8 (26. Qd2 h4 27. Be5 Rg6 28. Re2 Qf5 $1 $19) 26... Rxf2 27. gxh3 Rg2+
28. Kf1 h4 $19 29. Bxh4 (29. Bf4 g5 30. Bc1 Rc8 $1 31. Re7 Rxc3 32. Rxd7 Bf3
33. Ba3 Rcc2 $19) 29... Rxh2 30. Bg3 Rxh3 31. Kf2 f5 32. Be5 f4 33. Rg1 $2 (33.
Bd4 g5 $19 {[%cal Gg5g3]}) 33... Rf3+ 0-1

[Event "Mondariz zt 1.1"]
[Site "Mondariz"]
[Date "2000.09.10"]
[Round "7"]
[White "Emms, John M"]
[Black "San Segundo Carrillo, Pablo"]
[Result "1/2-1/2"]
[WhiteElo "2527"]
[BlackElo "2500"]
[Annotator "Finkel,A"]
[PlyCount "71"]
[EventDate "2000.09.03"]
[EventType "swiss"]
[EventRounds "11"]
[EventCountry "ESP"]
[SourceTitle "CBM 079"]
[Source "ChessBase"]
[SourceDate "2000.11.21"]
[SourceVersion "1"]
[SourceVersionDate "2000.11.21"]
[SourceQuality "1"]

1. e4 c5 2. Nf3 Nc6 3. Nc3 e5 4. Bc4 Be7 5. d3 d6 6. Nd2 Nf6 7. Nf1 Bg4 8. f3
Be6 9. Ne3 O-O 10. O-O Rb8 (10... Ne8 11. g3 Nc7 12. a3 Nd4 13. Ncd5 b5 14. Ba2
Rb8 15. c3 Nc6 16. Nxc7 Qxc7 17. f4 $14 {Pecnik,L-Sveshnikov,E/Open 2000}) 11.
a3 (11. a4 Nb4 12. Ncd5 (12. Bxe6 fxe6 13. Nc4 Nc6 14. f4 Qe8 15. fxe5 dxe5 16.
Bg5 Qg6 17. Bxf6 Bxf6 $11 {Belotti,B-Komarov,D/14th Chess Festival 1999}) (12.
Qe2) 12... Nbxd5 13. exd5 Bc8 14. f4 exf4 15. Rxf4 g6 16. d4 b6 17. Be2 Nd7
$132 {Dervishi,E-Grigore,G/4th Open 2000}) 11... Nd4 (11... Nd7 12. Ncd5 Bg5
13. c3 b5 14. Ba2 Nb6 15. Nxb6 Rxb6 16. b4 a5 17. bxa5 Nxa5 18. Nd5 Bxd5 19.
Bxd5 Bxc1 20. Qxc1 $14 {Emms,J-Grivas,E/Kopavogur 1994}) (11... a6 12. Ncd5 b5
13. Ba2 Nd7 14. c3 Bg5 15. g3 Bxe3+ 16. Bxe3 Ne7 17. Bg5 Bxd5 18. Bxd5 h6 19.
Bxe7 Qxe7 20. Rf2 Nb6 21. Ba2 Rbd8 22. f4 d5 {1/2-1/2 Arizmendi Martinez,J-San
Segundo Carrillo,P/TCh-ESP 2000}) 12. Ba2 $5 b5 13. Ncd5 ({Better way to fight
for the advantage was} 13. f4 $5 exf4 (13... b4 $6 14. axb4 cxb4 15. Ncd5 Nxd5
16. Bxd5 $16) 14. Rxf4 Nd7 15. Ncd5 Bg5 16. Rf1 Nf6 17. c3 $14 {and white has
better prospects.}) 13... Nxd5 14. Nxd5 (14. Bxd5 Bg5 $11) 14... Bg5 15. Bxg5 (
{Once again white should opt for} 15. f4 Bxd5 (15... exf4 16. c3 Nc6 17. Bxf4
Bxf4 18. Rxf4 Ne7 19. Qh5 $5 $14) 16. Bxd5 Bxf4 17. Bxf4 exf4 18. Rxf4 $14)
15... Qxg5 16. c3 Nc6 17. b4 Qd8 18. f4 Ne7 19. Nxe7+ (19. bxc5 dxc5 20. Nxe7+
Qxe7 21. Bxe6 Qxe6 22. fxe5 Qxe5 23. Qc2 f5 $11) 19... Qxe7 20. f5 Bxa2 21.
Rxa2 (21. f6 $2 Qe6 $19) 21... f6 $1 $11 {Quiet rare position when all minor
pieces has disappered from the board all the pawns are still alive.} 22. a4 d5
$1 (22... cxb4 23. Qb3+ Qf7 24. Qxf7+ Rxf7 25. cxb4 bxa4 26. Rxa4 Rc7 $11) 23.
Qb3 (23. exd5 $6 cxb4 24. cxb4 Qxb4 25. axb5 Qd4+ 26. Kh1 Rxb5 $15) 23... c4
24. Qc2 d4 (24... cxd3 25. Qxd3 dxe4 26. Qxe4 a6 27. axb5 axb5 28. Rfa1 $14)
25. axb5 cxd3 26. Qxd3 (26. Qb3+ $2 Qf7 27. Qxf7+ (27. c4 Rfc8 $1 (27... Rxb5
28. Rb2 Rb7 29. Qxd3 Rc8 30. Rc1 $13) 28. Rc1 Rxb5 29. Rb2 a5 $17 {[%cal Gb5b3,
Gc8c1]}) 27... Rxf7 28. c4 Rc7 29. Rc1 Rxb5 $17 {[%cal Gc7c1]}) 26... dxc3 27.
Qxc3 Rxb5 $11 {After this changes it's clear that a draw is not far away.} 28.
Qc4+ Qf7 {[%cal Gf7a2]} 29. Qxb5 Qxa2 30. Rd1 Qb3 31. Qd5+ Qxd5 32. Rxd5 Rb8
33. b5 h5 34. Kf2 Kh7 35. h4 Rb6 {[%cal Ga7a6]} 36. Kf3 1/2-1/2

[Event "Osasco Franca Garcia Memorial 20th"]
[Site "Osasco"]
[Date "2004.07.06"]
[Round "7"]
[White "Lima, Darcy Gustavo Macha"]
[Black "Matsuura, Everaldo"]
[Result "1-0"]
[WhiteElo "2542"]
[BlackElo "2473"]
[Annotator "Finkel,A"]
[PlyCount "43"]
[EventDate "2004.07.01"]
[EventType "tourn"]
[EventRounds "9"]
[EventCountry "BRA"]
[EventCategory "9"]
[SourceTitle "CBM 103"]
[Source "ChessBase"]
[SourceDate "2004.11.11"]
[SourceVersion "1"]
[SourceVersionDate "2004.11.11"]
[SourceQuality "1"]

1. e4 c5 2. Nf3 Nc6 3. Bb5 e6 4. O-O Nge7 5. Nc3 a6 6. Bxc6 bxc6 $6 {I don't
really like the combination of ...a6 and ...b:c6, but as strange as it may
sound it's not that bad for black after all.} 7. e5 $5 (7. b3 Ng6 8. Bb2 e5 9.
Ne2 d6 10. c3 f5 11. exf5 Bxf5 12. d4 $16 {Buchal,S-Goldenberg,R/Ostende 1975})
(7. d3 d5 8. Bf4 Ng6 9. Bg3 Be7 10. Re1 O-O 11. Ne5 Nxe5 12. Bxe5 Bf6 13. Bxf6
Qxf6 14. Rb1 Bd7 15. Qd2 $16 {Alexa,M-Sveshnikov,V/Rimavska Sobota 1996}) 7...
Ng6 8. d4 (8. Re1 Be7 9. d3 f6 10. exf6 gxf6 11. Bh6 d6 12. d4 e5 13. dxc5 d5
14. Na4 Bg4 15. h3 Bf5 $44 {Valeanu,E-Papp,G/Tallinn 1997}) 8... cxd4 (8... d5
$5 9. exd6 (9. Na4 $143 cxd4 10. Qxd4 Rb8 11. a3 Qa5 12. Be3 c5 13. Nxc5 Qxc5
14. Qxc5 Bxc5 15. Bxc5 Rxb2 $11) (9. Re1 cxd4 10. Qxd4 c5 11. Qg4 Qc7 12. h4
Bb7 13. h5 Ne7 $132) 9... cxd4 10. Qxd4 Qxd6 11. Be3 Qxd4 12. Nxd4 Rb8 13. Rab1
Bd7 $13) 9. Qxd4 Be7 (9... d5) 10. Ne4 $14 O-O $6 {Black doesn't feel the
danger. It was necessary to start with 10...f6 with unclear position.} (10...
f6 $1 11. c4 c5 12. Nxc5 (12. Nd6+ Bxd6 13. Qxd6 Bb7 $1 $13 14. Nd2 $140 Nxe5
15. Qxc5 Rc8 16. Qd4 d5 $11) 12... Qc7 (12... fxe5 $5 13. Nxe5 Bf6 14. Qe4 d5
15. cxd5 Bxe5 16. dxe6 $36) 13. Nd3 Bb7 14. exf6 Bxf6 15. Qg4 O-O $44) 11. c4
f6 12. c5 $1 {[%csl Rc8,Rd6] Now black lightsquared bishop is a bad joke.} Qc7
(12... fxe5 $142 13. Nxe5 Nxe5 14. Qxe5 Rf5 15. Qc3 Bf6 16. Qc2 $14) 13. exf6
Bxf6 (13... gxf6 14. Bh6 Rf7 15. Rad1 a5 16. Rfe1 Rb8 17. Qc3 $16) 14. Nxf6+
gxf6 15. Bh6 $16 {Full domination of the white pieces.} (15. Rd1 $5) 15... Rf7
(15... e5 16. Qc4+ Rf7 17. Rad1 a5 18. Rfe1 Ba6 19. Qg4 Kh8 20. b3 $1 {[%csl
Gc4]} Rg8 21. Qf5 $16) 16. Rad1 Ne7 $6 17. Qg4+ Kh8 18. Qh5 $18 Ng6 (18... Kg8
19. Rd3 Nf5 20. Nh4 Nxh4 21. Rg3+ Qxg3 (21... Ng6 22. Rxg6+ hxg6 23. Qxg6+ Kh8
24. Qxf7 $18) 22. fxg3 Ng6 23. Be3 a5 24. Qg4 $18) 19. Nh4 Bb7 20. Bf4 $1 {
[%cal Gh4g6]} Nxf4 21. Qxf7 Nd5 22. Rd3 1-0

[Event "EU-Cup 21st"]
[Site "Saint Vincent"]
[Date "2005.09.19"]
[Round "2.1"]
[White "McShane, Luke J"]
[Black "Gelfand, Boris"]
[Result "1/2-1/2"]
[WhiteElo "2625"]
[BlackElo "2724"]
[Annotator "Finkel,A"]
[PlyCount "65"]
[EventDate "2005.09.18"]
[EventType "team-swiss"]
[EventRounds "7"]
[EventCountry "ITA"]
[SourceTitle "CBM 110"]
[Source "ChessBase"]
[SourceDate "2006.01.31"]
[SourceVersion "1"]
[SourceVersionDate "2006.01.31"]
[SourceQuality "1"]
[WhiteTeam "Werder Bremen"]
[BlackTeam "Warsaw Polonia"]
[WhiteTeamCountry "GER"]
[BlackTeamCountry "POL"]

1. e4 c5 2. Nf3 d6 3. Bc4 {A harmless continuation, which has been used by the
yound British grandmaster pretty often.} Nf6 4. d3 Nc6 5. O-O g6 6. h3 Bg7 7.
Nc3 O-O 8. a3 b6 (8... a6 9. Bg5 (9. Be3 b5 10. Ba2 Bb7 (10... e5 11. Rb1 Nd4
12. Nd5 Be6 13. Bg5 h6 14. Nxd4 cxd4 15. Nxf6+ Bxf6 16. Bxe6 hxg5 $11 {McShane,
L-Bu Xiangzhi/Goa 2002}) 11. Qd2 Rc8 12. Rac1 Qb6 13. Nh2 a5 14. Ng4 Nxg4 15.
hxg4 e6 16. f4 b4 17. Nd1 a4 $132 {McShane,L-Zagorskis,D/Bled 2002}) 9... b5
10. Ba2 Rb8 11. Qd2 a5 12. Ne2 Qc7 13. Ng3 b4 14. a4 Nd4 15. Nxd4 cxd4 16. f4
$14 {McShane,L-Webb,R/Birmingham 2001}) (8... h6 9. Be3 e5 10. Rb1 Be6 11. Bxe6
fxe6 12. b4 b6 13. bxc5 bxc5 14. Nd2 Qe7 15. Ne2 Rab8 16. f4 Rxb1 17. Qxb1 Rb8
18. Qa2 $14 {McShane,L-Paragua,M/Bled 2002}) 9. Ba2 Bb7 10. Rb1 $6 {Preparing
b4. The drawback of this plan is quite obvious - the knight on c3 becomes
extremely vulnerable so Gelfand skillfully takes advantage of this fact.} (10.
Bg5) 10... Rc8 11. Bg5 h6 12. Bh4 e6 13. Qd2 Kh7 14. b4 $6 (14. Ne2 $11) 14...
Nd4 $1 $15 {[%csl Rc2,Rc3] From now on White has to defend very accurately to
keep the balance.} 15. Nxd4 cxd4 16. Nb5 (16. Ne2 $2 Nxe4 17. dxe4 Qxh4 $19)
16... a6 $5 (16... Nxe4 $5 17. dxe4 Qxh4 18. Nxd6 Rc7 19. f4 $15 {[%cal Ge4e5]}
) 17. Nxd4 Nxe4 $1 18. dxe4 Qxh4 19. Rbe1 Be5 {Probably the best try as other
moves promise Black even less.} (19... Rfd8 20. c3) (19... Bxe4 $2 20. g3 Qg5
21. Qxg5 hxg5 22. Rxe4 f5 23. Nxe6 fxe4 24. Nxf8+ Bxf8 25. Bb3 $14 {[%csl Re4]}
) (19... Bxd4 $6 20. Qxd4 Rxc2 21. Qxb6 Rxa2 22. Qxb7 Rxa3 23. Ra1 $132 {
[%csl Ra6]}) 20. Nf3 (20. f4 Bxd4+ 21. Qxd4 Rxc2 22. Bb1 Rc6 $15) 20... Qf4 21.
Re3 Bxe4 $6 {It was better to keep the dark-squared bishop on the board,
although even after the move in the game Black keeps some pressure due to the
better bishop and a weakness of the white pawn on c2. However it proves to be
insuficient to win the game.} (21... Bg7 $5) 22. Nxe5 dxe5 23. Qd6 Bc6 (23...
Rfd8 $6 24. Qxb6 Rd2 25. Bb3 $14 Bxc2 $140 $2 26. Rf3 $18 {[%csl Rf7]}) 24.
Qxe5 Qxe5 25. Rxe5 Rfd8 (25... Bb5 26. Rc1 Rc3 27. Re3 Rfc8 28. Rxc3 Rxc3 29.
Bb3 $15 {[%cal Gf2f3,Gg1f2,Gf2e1,Ge1d2]}) 26. Rc1 Ba4 (26... Rd2 27. Bc4 Bb7
28. Re2 Rd4 29. Bb3 Rc3 30. Rce1 $11) 27. c4 Rd3 28. Re3 $11 Rcd8 29. Bb1 Rxe3
30. fxe3 Bc6 31. Rf1 Kg7 32. Bc2 f5 33. Rd1 1/2-1/2

[Event "Hoogovens-B"]
[Site "Wijk aan Zee"]
[Date "1998.01.30"]
[Round "10"]
[White "Van den Doel, Erik"]
[Black "Cherniaev, Alexander"]
[Result "1-0"]
[WhiteElo "2485"]
[BlackElo "2465"]
[Annotator "Finkel,A"]
[PlyCount "73"]
[EventDate "1998.01.20"]
[EventType "tourn"]
[EventRounds "11"]
[EventCountry "NED"]
[EventCategory "10"]
[SourceTitle "CBM 063"]
[Source "ChessBase"]
[SourceDate "1998.03.26"]
[SourceVersion "1"]
[SourceVersionDate "1998.03.26"]
[SourceQuality "1"]

1. e4 c5 2. Nf3 Nc6 3. Bb5 e6 4. O-O Nge7 5. c3 a6 6. Ba4 b5 7. Bc2 Bb7 8. Re1
Rc8 9. a4 (9. d4 cxd4 10. cxd4 Nb4 $1 11. Bb3 Rxc1 12. Qxc1 Nd3 $10) (9. d3 $6
g6 $5 10. Be3 d6 11. a3 Qc7 {[%cal Gc7c2]} 12. d4 cxd4 13. cxd4 Nb4 $1 14. Nc3
{1/2-1/2 Suetin,A-Teske,H/Bern op (03) 1996}) 9... b4 (9... Ng6 $5 10. axb5 (
10. Na3 b4 11. Nc4 Na5 $1 (11... Be7 $6 12. a5 $1 d5 13. exd5 exd5 14. Nb6 Rc7
15. d4 $36) 12. Ne3 $1 Be7 13. cxb4 cxb4 14. d4 O-O 15. b3 Qb6 16. Bb2 $14 {
Granda Zuniga,J-Lima,D/Leon 1997/1-0 (53)}) 10... axb5 11. d4 cxd4 12. Nxd4 $5
(12. cxd4 Nb4 $5 13. Bb3 Rxc1 $1 14. Qxc1 Nd3 15. Qe3 Nxe1 16. Qxe1 Bd6 $11 {
1/2-1/2 Kholmov Ratmir D-Goloshchapov Alexander/It (open) "Skoda", Mlada
Boleslav (Czec 1995 (38)}) 12... Nxd4 13. cxd4 (13. Qxd4 b4 $5 $10) 13... Be7 (
13... Bb4 14. Nc3 $1 Bxc3 15. bxc3 Rxc3 16. Bb2 Rc8 17. Ba3 d6 18. d5 $1 $44)
14. Bd3 O-O $6 (14... b4 15. Be3 (15. Nd2 $5 O-O 16. Nb3 $13) 15... O-O 16. Nd2
f5 $1 $132 {Spasov,V-Gulko,B/Biel izt 1993/1/2-1/2 (55)}) 15. Bxb5 f5 16. Nc3
Bb4 17. exf5 Nh4 18. Ba6 $1 $16 {Arnason,J-Arakhamia,K/Heraklio op 1993 (23)})
10. d3 (10. d4 $5 bxc3 11. d5 Nb4 (11... cxb2 $6 12. Bxb2 Nb4 13. Nc3 Ng6 14.
Na2 $1 c4 15. Qd2 Nxc2 16. Qxc2 $44 {Olafsson,F-Galliamova Ivanchuk,A/Vienna
Walzer 1993 (37)}) 12. Nxc3 Ng6 13. Bb1 $5 Be7 14. g3 O-O 15. h4 d6 $13 {
Smyslov,V-Ivanchuk,V/Tilburg 1994/0-1 (60)}) 10... d5 (10... Ng6 $5 11. Nbd2
Be7 12. d4 $6 bxc3 13. bxc3 cxd4 14. cxd4 Nb4 15. Bb1 Qc7 $36 {[%cal Gb4c2]
Slobodjan Roman-Glek Igor V/It, Godesburg (Germany) 1995 (42)}) 11. Nbd2 Na5 $6
({Deserved attention} 11... Ng6 $5 12. exd5 Qxd5 13. Nc4 Rd8 14. Bg5 Be7 15.
Ne3 Qd7 $11) 12. cxb4 cxb4 13. e5 $1 $14 d4 (13... Qc7 14. Bb1 Nac6 15. d4 (15.
b3 $6 Nf5 16. Bb2 Bc5 $11) 15... Ng6 16. b3 Be7 17. Nf1 O-O 18. h4 $1 $36) 14.
Ne4 Nf5 15. Bg5 $5 Be7 $6 (15... Qd7 $5) 16. g4 $1 Bxe4 $8 (16... Bxg5 $2 17.
Nfxg5 Nh6 18. Nd6+ Kf8 19. f4 $1 $16 {[%csl Rf8,Rh6]} (19. Nxc8 $2 Qxg5 20. Nd6
Nxg4 $19)) 17. Rxe4 Bxg5 18. gxf5 exf5 19. Rxd4 Qe7 (19... Qc7 $6 20. Nxg5 Qxc2
21. e6 $1 Qxd1+ (21... fxe6 22. Qe1 $1 Qc6 23. Qe5 $1 $18) 22. Rxd1 fxe6 23.
Re1 O-O 24. Nxe6 Nc6 25. Rd7 $1 Rf7 26. Rd6 $16 {[%csl Ra6][%cal Gd3d5]}) 20.
Rd6 $1 {[%csl Ra6,Rg5][%cal Gd3d4]} Bf4 21. d4 g6 22. Rxa6 $16 Nc4 23. Bb3 $1
Qb7 $8 (23... Nxb2 24. Qe2 $18) 24. Rf6 O-O 25. Bxc4 $2 (25. Qe2 $16) 25...
Rxc4 $44 26. Qe2 Kg7 $2 {Signing resignation!After correct} (26... Rfc8 27. a5
Rc2 28. a6 Qa8 29. Qd3 Rxb2 $132 {the position remains unclear.}) 27. Qxc4 Qxf3
28. Qc6 $1 $18 Qh5 29. Qg2 {Now nothing can stop an a-pawn while black can't
create anything on the kingside.} Rc8 30. Rxf7+ $1 Kh6 (30... Kxf7 31. Qb7+ Kg8
32. Qxc8+ Kg7 33. Qb7+ Kh6 34. Qg2 $18) 31. e6 Rc2 32. e7 Re2 33. a5 Bd6 34. a6
Re4 35. e8=Q Rxe8 36. a7 Re4 37. h3 $5 1-0

[Event "ISR-chT"]
[Site "Israel"]
[Date "1998.03.19"]
[Round "7"]
[White "Rechlis, Gad"]
[Black "Botvinnik, Ilia"]
[Result "1-0"]
[WhiteElo "2520"]
[BlackElo "2370"]
[Annotator "Finkel,A"]
[PlyCount "53"]
[EventDate "1998.01.15"]
[EventType "team-tourn"]
[EventRounds "10"]
[EventCountry "ISR"]
[SourceTitle "CBM 064"]
[Source "ChessBase"]
[SourceDate "1998.06.02"]
[SourceVersion "1"]
[SourceVersionDate "1998.06.02"]
[SourceQuality "1"]

1. e4 c5 2. Nf3 Nc6 3. Bb5 e6 4. Bxc6 bxc6 5. O-O Ne7 6. d3 Ng6 7. Ng5 {
/\ Qh5, f4} (7. Nbd2) 7... h6 (7... e5 $5 8. Qh5 (8. f4 $5 Nxf4 9. Bxf4 exf4
10. Nh3 Bd6 $13) 8... Be7 (8... Qf6 $1 9. Nc3 (9. f4 exf4 10. g3 h6 11. Nh3
Qd4+ 12. Kh1 fxg3 13. Qf3 $44) 9... d6 10. Nxh7 $6 (10. f4 $5 exf4 11. g3 $13)
10... Qd8 11. g3 Be7 $2 (11... Qd7 $3 {/\ Qh3-/+ Tseitlin,M} 12. Kg2 Be7 {
/\ Kd8} 13. f4 exf4 14. gxf4 Qg4+ 15. Qxg4 Bxg4 16. f5 Ne5 17. h3 Bf3+ $17) 12.
f4 exf4 13. gxf4 Kd7 14. Qf5+ $10 {~~ Hennigan,M-Cherniaev,A/Gausdal (open)
1995}) 9. Nc3 d6 10. Ne2 Qd7 (10... Bxg5) 11. h3 Bf6 $6 12. Nxh7 $1 $16 {
Psakhis,L-Nielsen,P/Gausdal PG 1994}) (7... Be7 8. Qh5 Bxg5 9. Bxg5 Qb6 10. Nd2
e5 11. Nc4 Qc7 12. f4 $14 {Komliakov,V-Verdihanov,V/Nikolaev zt 1993 (30)}) (
7... f6 $6 8. Nh3 d5 9. Qh5 Bd6 10. f4 O-O 11. c4 $14 {Psakhis Lev-Portisch
Lajos/It (open), Biel (Switzerland) 1995 (22)}) 8. Nh3 d6 (8... e5 9. f4 exf4 (
9... Be7 $6 10. f5 Nf8 11. Nd2 d6 12. Nc4 Nh7 13. Qg4 $16 {Sutovskij
Emil-Fauland Alexander/It , Tel Aviv (Israel) 1995/1-0 (48)}) 10. Nxf4 Nxf4 11.
Bxf4 d6 12. Nc3 Be7 13. Kh1 O-O 14. Qh5 $14 {Oratovsky,M-Milanovic,D/WchJ U20
Matinhos 1994 (42)}) (8... Be7 $5 9. f4 O-O 10. Qh5 d6 11. Nd2 Qe8 12. f5 Ne5
13. f6 $5 $36 {Campos Eugenio-Fossan Erik/It (b), Gausdal (Norway) 1995 (26)})
9. f4 e5 $6 {After this move black faces serious problems;the coordination of
the pieces is defected.} 10. f5 $14 Ne7 11. Nd2 (11. f6 $6 gxf6 12. Rxf6 (12.
Qh5 Bg7 13. Nd2 Be6 14. Nf3 f5 $15) 12... Bxh3 13. gxh3 Rg8+ 14. Kh1 Ng6 15.
Rf1 Qd7 $132) 11... Ng8 12. Nc4 Nf6 13. Qf3 {[%cal Gf3g3] White's pressure is
rising move by move} Be7 (13... Ba6 14. Ne3 $5 (14. Nf2 Bxc4 15. dxc4 Be7 16.
Qg3 Kf8 17. b3 $14) 14... d5 15. Nf2 d4 16. Neg4 Nxg4 17. Nxg4 f6 18. b3 $1 $16
{[%csl Rc5,Rc6,Rg6]}) 14. Qg3 $1 Kf8 15. Nf2 Nh7 $6 (15... Kg8 $5 16. a3 Kh7
17. b4 cxb4 18. axb4 a6 19. c3 $14) 16. a3 $16 {[%csl Rc5,Rc6,Rf8,Rh8][%cal
Gc1e3,Gb2b4]} Bh4 17. Qf3 Ng5 18. Qh5 Bxf2+ 19. Rxf2 Nh7 (19... Ba6 $6 20. Nxd6
$1 Qxd6 21. Bxg5 $18) 20. b4 {Opening a-file,which actually decides the game.}
cxb4 21. axb4 f6 $6 {The final mistake.Black still could put up some
resistance after} (21... Nf6 22. Qh4 Kg8 23. Be3 Rb8 24. c3 a6 25. d4 $16) 22.
Be3 $18 Kg8 (22... a6 23. Nxd6 $18) 23. Nb6 $1 Rb8 24. Rxa7 Bb7 25. c3 Nf8 26.
Rfa2 Kh7 27. Qf7 1-0

[Event "Mario Covas 2nd"]
[Site "Santos"]
[Date "2002.02.28"]
[Round "9"]
[White "Morovic Fernandez, Ivan"]
[Black "Milos, Gilberto"]
[Result "1-0"]
[WhiteElo "2554"]
[BlackElo "2580"]
[Annotator "Finkel,A"]
[PlyCount "73"]
[EventDate "2002.02.20"]
[EventType "tourn"]
[EventRounds "9"]
[EventCountry "BRA"]
[EventCategory "9"]
[SourceTitle "CBM 088"]
[Source "ChessBase"]
[SourceDate "2002.03.21"]
[SourceVersion "1"]
[SourceVersionDate "2002.03.21"]
[SourceQuality "1"]

1. e4 c5 2. Nf3 Nc6 3. Bb5 e6 4. O-O Nge7 5. c3 a6 6. Ba4 b5 7. Bc2 c4 (7... g6
8. d4 cxd4 9. cxd4 d5 10. e5 Bg7 11. Bg5 Qb6 12. Nc3 O-O 13. Qd2 $14 {Ryan,
J-Gillen,A/Plymouth 1992/CBM 30 ext}) 8. b3 $5 (8. d4 cxd3 9. Qxd3 (9. Bxd3 Qc7
10. Be3 Bb7 11. Na3 d5 $132 {Fritsch,A-David,R/Germany 1995/GER)}) 9... Ng6 10.
Rd1 (10. Nd4 Bb7 11. Nd2 Qc7 12. N2f3 Be7 13. Nxc6 dxc6 14. Bg5 Rd8 15. Qe3
Bxg5 16. Qxg5 $14 {Peelen,P-Berendsen,R/Breda 1998/EXT 99}) 10... Be7 11. b4 d6
12. a4 bxa4 13. Bxa4 Bb7 14. Nd4 Qc8 15. Nxc6 Bxc6 16. Bxc6+ Qxc6 17. b5 $1 $14
{Varavin,V-Bocharov,D/Samara 2000/CBM 78}) (8. Qe2 g6 9. a4 Bb7 10. Na3 Bg7 11.
d4 cxd3 12. Bxd3 b4 $13 {Ennenbach,R-Esser,N/Goch 1994/EXT 98}) 8... Ng6 9.
bxc4 $5 {As shows the following game this continuation is pretty dangerous for
black.} (9. a4 Bb7 10. Na3 cxb3 11. Bxb3 b4 12. Nc4 Na5 13. Nxa5 Qxa5 $13 {
Plachetka,J-Oral,T/CZE 1998/EXT 99}) 9... bxc4 10. Qe2 Na5 11. d4 cxd3 12. Bxd3
Qc7 13. Be3 $5 Nf4 (13... Bb7 $5 14. Nbd2 Be7 15. Rab1 Nc6 $13) 14. Bxf4 Qxf4
15. Nbd2 Be7 16. Rab1 O-O $6 {Black queen feels unsafe on the kingside, that's
why deserved attention} (16... Qc7 $5 17. e5 Bb7 18. Ne4 $14) 17. e5 $1 {
[%csl Rf4]} Bb7 18. Nd4 $1 Ra7 {[%csl Gb7]} (18... d6 $2 19. Nc4 $1 Nxc4 20.
Rxb7 $18 {[%csl Rc4,Re7]}) (18... f6 $6 19. exf6 Rxf6 (19... Bxf6 20. Qh5 g6
21. Qxa5 Qxd2 22. Rfd1 Qf4 23. Rxb7 Bxd4 24. cxd4 Qxf2+ 25. Kh1 $18) 20. Nc4
Nxc4 (20... Rh6 21. g3 $1 Rxh2 22. Rxb7 $1 $18) 21. Rxb7 $16) 19. g3 Qh6 20.
Be4 $5 Rc8 (20... d5 $5 $132) 21. Rb6 $1 {[%csl Ra6][%cal Gd4f5] Fantastic
move! Black has to defend against both Nf5 and B:b7 followed by R:a6.} Rxc3 $2
{Missing Nf5!} (21... Bc5 22. Bxb7 Nxb7 23. Rxa6 $16) 22. Nf5 $1 $18 exf5 (
22... Qg5 23. h4 $18) 23. Rxh6 fxe4 $5 24. Rb6 e3 25. Rxb7 $1 Rxb7 26. Ne4 Ra3
27. fxe3 Nc6 28. Qc4 $1 Nd8 (28... Nxe5 29. Qc8+ $18) 29. Nd6 Bxd6 30. exd6
Rxe3 31. Qxa6 Re8 32. Rc1 g6 33. Rc8 Rb1+ 34. Kf2 Kf8 35. Qa5 Ne6 36. Rxe8+
Kxe8 37. Qa8+ (37. Qa8+ Nd8 38. Qe4+ $18 {[%csl Rb1]}) 1-0